El otro occidente. América Latina desde la invasión europea hasta la globalización
Salvato in:
| Autore principale: | |
|---|---|
| Natura: | Sconosciuto |
| Lingua: | inglese |
| Pubblicazione: |
México D.F., México
Fondo de Cultura Económica
2011
|
| Edizione: | Segunda edición |
| Serie: | Ensayos
|
| Soggetti: | |
| Accesso online: | Disponible Online pp. 92-129 |
| Tags: |
Aggiungi Tag
Nessun Tag, puoi essere il primo ad aggiungerne!!
|
MARC
| LEADER | 00000 a2200000 4500 | ||
|---|---|---|---|
| 003 | CL-VaPUC | ||
| 005 | 20210521001536.0 | ||
| 008 | 201211b ||||| |||| 00| 0 eng d | ||
| 999 | |c 423277 |d 423275 | ||
| 020 | |a 9786071606440 | ||
| 040 | |c Pontificia Universidad Católica de Valparaíso | ||
| 082 | |a 980 CAR 2011 | ||
| 100 | |a Carmagnani, Marcello |9 814374 | ||
| 245 | |a El otro occidente. |b América Latina desde la invasión europea hasta la globalización | ||
| 250 | |a Segunda edición | ||
| 260 | |a México D.F., México |b Fondo de Cultura Económica |c 2011 | ||
| 300 | |a 432 páginas | ||
| 440 | |a Ensayos |9 858635 | ||
| 583 | |k Cristina Rojas |c 20201211 | ||
| 650 | 0 | |a Globalización |9 361930 | |
| 651 | |a América Latina |x Historia |9 858636 | ||
| 856 | |u http://bibliografiadigital.pucv.cl/index.php/bibliotecapucv/catalog/book/319 |y Disponible Online pp. 92-129 | ||
| 942 | |2 ddc |c BK | ||
| 952 | |0 0 |1 0 |2 ddc |4 0 |6 980_000000000000000_CAR_2011 |7 0 |8 A |9 577090 |a BIBHIS |b BIBHIS |d 2020-12-11 |e 3 |g 10500.00 |i 5579589 |l 6 |o 980 CAR 2011 |p 5579589 |r 2025-01-20 |s 2023-10-26 |t 1 |v 10500.00 |w 2020-12-11 |y BK |k HIS | ||
| 952 | |0 0 |1 0 |2 ddc |4 0 |6 980_000000000000000_CAR_2011 |7 0 |8 A |9 577091 |a BIBHIS |b BIBHIS |d 2020-12-11 |e 3 |g 10500.00 |i 5579597 |l 6 |o 980 CAR 2011 |p 5579597 |r 2025-04-21 |s 2025-04-15 |t 2 |v 10500.00 |w 2020-12-11 |y BK |k HIS | ||